MARC

LEADER 00000nam0a2200000 4500
001 75572
005 20231031090842.0
035 |a (RuTPU)RU\TPU\book\80604 
090 |a 75572 
100 |a 20050329d1986 m y0rusy50 ca 
101 0 |a rus 
102 |a UA 
105 |a a j 001zy 
200 1 |a Теплообмен и тепловые режимы в промышленных печах  |e учебное пособие  |f Ю. И. Розенгарт, Б. Б. Потапов, В. М. Ольшанский, А. В. Бородулин  |g Под ред. Ю. И. Розенгарта 
210 |a Киев  |a Донецк  |c Вища школа  |d 1986 
215 |a 293 с.  |c ил. 
320 |a Библиогр.: с. 287-288 
320 |a Предметный указатель: с. 289-291 
610 1 |a теплообмен 
610 1 |a тепловые режимы 
610 1 |a промышленные печи 
610 1 |a учебные пособия 
610 1 |a теплообмен 
610 1 |a массообмен 
610 1 |a газы 
610 1 |a движение 
675 |a 66.041(075.8)  |v 3 
701 1 |a Розенгарт  |b Ю. И.  |g Юрий Иосифович 
701 1 |a Потапов  |b Б. Б.  |g Борис Борисович 
701 1 |a Ольшанский  |b В. М.  |g Виктор Михайлович 
701 1 |a Бородулин  |b А. В.  |g Александр Васильевич 
702 1 |a Розенгарт  |b Ю. И.  |g Юрий Иосифович  |4 340 
801 1 |a RU  |b 63413507  |c 20050329  |g PSBO 
801 2 |a RU  |b 63413507  |c 20150827  |g PSBO 
942 |c BK